000 01514nam a2200145 4500
001 14035
005 20260310162240.0
010 _a9782493939265
090 _a14035
099 _o0
100 _a20260310d u||y0frey50 ba
200 _aLa Voix des meutes
_bLIVR
214 _cLe Pôticha éditionle poticha
330 _a"La voix des meutes" est une compilation rassemblant la presque totalité des textes publiés entre 2021 et 2024 par le Pôticha. Cette compilation sort en édition limitée dans le cadre des 5 ans de notre maison d'édition associative. Avec les textes de MATHİLDE SOULHEBAN * MATHİLDE SEGONDS * ÉLIO JACQUEL * ROMANE NiCOLAS * ANODRADHA RUGHOONUNDUN* iSABELLE GASPAR* MAXiME BRiLLON * LAURiE GUiN* KARİMA EL KHARRAZE * SOPHIE BAZY * CAMILLE FERRAND * LINDA MCLEAN* SARAH VER-MANDE * BLANDİNE PÉLiSSIER *LYDIE TAMISIER * CLÉMENCE ATTAR * MAG LÉVÊDUE * NOAH -DAI TRUONG* SAMAËLE STEINER * AÏCHA EUZET* LEILA CASSAR * MARWANE LAKHAL * HAÏLA HESSOU* THÉO PERRACHE * THÉOPHILE DUBUS* SOUS LA DIRECTiON DE : MAËVA MEUNIER & ROMANE NICOLAS
700 _aMATHİLDE SOULHEBAN * MATHİLDE SEGONDS * ÉLIO JACQUEL * ROMANE NiCOLAS * ANODRADHA RUGHOONUNDUN* iSABELLE GASPAR* MAXiME BRiLLON * LAURiE GUiN* KARİMA EL KHARRAZE * SOPHIE BAZY * CAMILLE FERRAND * LINDA MCLEAN* SARAH VER-MANDE * BLANDİNE PÉLiSSIER *LYDIE TAMISIER * CLÉMENCE ATTAR * MAG LÉVÊDUE * NOAH -DAI TRUONG* SAMAËLE STEINER * AÏCHA EUZET* LEILA CASSAR * MARWANE LAKHAL * HAÏLA HESSOU* THÉO PERRACHE * THÉOPHILE DUBUS*